Η άρση της αυτοτέλειας του νομικού προσώπου στη νομολογία
Αποθηκεύτηκε σε:
| Κύριος συγγραφέας: | |
|---|---|
| Μορφή: | Βιβλίο |
| Γλώσσα: | Greek |
| Δημοσίευση: |
Αθήνα :
Σάκκουλα, Αφοί,
1988
|
| Θέματα: | |
| Ετικέτες: |
Προσθήκη ετικέτας
Δεν υπάρχουν, Καταχωρήστε ετικέτα πρώτοι!
|
MARC
| LEADER | 00000cam a2200000 i 4500 | ||
|---|---|---|---|
| 001 | 1/35436 | ||
| 008 | 061013s1988 gre d | ||
| 035 | |l 10085536 | ||
| 040 | |a GR-MY-UA |b |e aacr | ||
| 041 | 0 | |a gre | |
| 082 | 0 | |a 346.013 |2 (22) | |
| 100 | 1 | |a Λιακόπουλος, Αθανάσιος Θ. | |
| 245 | 1 | 2 | |a Η άρση της αυτοτέλειας του νομικού προσώπου στη νομολογία / |c Θανάσης Λιακόπουλος |
| 260 | |a Αθήνα : |b Σάκκουλα, Αφοί, |c 1988 | ||
| 300 | |a xxii,176 σ.; |c 21 εκ. | ||
| 504 | |a Περιλαμβάνει βιβλιογραφικές παραπομπές | ||
| 650 | 0 | 0 | |a Juristic persons -- Greece. |
| 852 | |a INST |b CHIOS |e 20061013 |h 346.013 ΛΙΑ |p 005200027041 |q 005200027041 |t BK |y 0 | ||
| 901 | |a BIBL2-2006-3 | ||
| 909 | |a Χ |b 120282 | ||
| 970 | |a ΒΑΣΙΛΑΚΗ |b ΝΙΚΗ |z 2006/10/13 | ||